00290nam a22000977a 4500008004100000082001100041100002300052245005300075260005500128300000900183260601b |||||||| |||| 00| 0 eng d a001846 aPuranik,Hayavadana aSrimad Brahma Sutra Bhasyam of Sri Madhwacharya  aBangalorebPoornaprajna Samshodhana Mandiramc2007 a379p